00711nam a22002057a 450000500170000000800410001702000150005802000180007304000570009104100080014810000290015624500440018525000110022926000780024030000380031850400530035665000200040965000350042965100410046420140903174946.0131126s2009 xxua frn 001 0deng  a0691143153 a9780691143156 aCO-BoUCMcAngélica RojasdAldemar Mondragónbspa00aeng1 aIrwin, Douglas A.d1962-10aFree trade under firecDouglas A. Irwin a3rd ed aPrinceton (New Jersey, Estados Unidos)bPrinceton University Pressc2009 axiv, 313 páginasbilustraciones aIncluye referencias bibliográficas e índices 7aGlobalización 7aLibre comerciozEstadso Unidos 4aEstados UnidosxPolítica comercial